Chromatica by Lady Gaga - Statistics

General Stats
  • This quiz has been taken 245 times
    215 since last reset
  • The average score is 18 of 20
Answer Stats
Track Lenght Answer Feat Producer(s) % Correct
#4 3:02 Rain On Me Ariana Grande BloodPop, Benjamin Rice, Tchami, Matthew Burns
100%
#10 2:37 Sour Candy BLACKPINK BloodPop, Benjamin Rice, Matthew Burns
99%
#8 2:52 911 BloodPop, Benjamin Rice, Madeon
98%
#1 1:00 Chromatica I Lady Gaga, Morgan Kibby
98%
#7 0:41 Chromatica II Lady Gaga, Morgan Kibby
98%
#13 0:27 Chromatica III Lady Gaga, Morgan Kibby
96%
#2 2:57 Alice BloodPop, Benjamin Rice, Axwell, Johannes Klahr
95%
#3 3:13 Stupid Love BloodPop, Benjamin Rice, Tchami, Max Martin
95%
#20 (Remix) 3:34 Stupid Love (Ellis remix) BloodPop, Benjamin Rice, Tchami, Max Martin
95%
#19 (Remix) 3:41 Stupid Love (Vitaclub Warehouse mix) BloodPop, Benjamin Rice, Tchami, Max Martin
95%
#16 2:41 Babylon BloodPop, Benjamin Rice, Tchami, Matthew Burns
92%
#14 4:04 Sine From Above Elton John BloodPop, Benjamin Rice, Burns, Axwell, Liohn, Johannes Klahr, Yacoub
91%
#15 3:35 1000 Doves BloodPop, Benjamin Rice, Tchami
89%
#18 (Demo) 2:49 1000 Doves (Piano Demo) ?
89%
#12 3:06 Replay Benjamin Rice, Matthew Burns
87%
#5 3:11 Free Woman BloodPop, Benjamin Rice, Axwell, Johannes Klahr
86%
#11 2:59 Enigma BloodPop, Benjamin Rice, Matthew Burns
84%
#6 2:53 Fun Tonight BloodPop, Benjamin Rice, Matthew Burns
81%
#9 3:41 Plastic Doll BloodPop, Benjamin Rice, Skrillex
77%
#17 (Bonus track) 2:51 Love Me Right BloodPop, Matthew Burns
43%
No matching quizzes found
Score Distribution
Percent of People with Each Score
Percentile by Number Answered
Your Score History
You have not taken this quiz since the last reset